Vzťahy EÚ a Taiwanu bakalárska práca
Guardado en:
| Autor principal: | |
|---|---|
| Autor Corporativo: | |
| Otros Autores: | |
| Formato: | Libro |
| Lenguaje: | eslovaco |
| Publicado: |
Bratislava
2011
|
| Etiquetas: |
Sin Etiquetas, Sea el primero en etiquetar este registro!
|
MARC
| LEADER | 00000nbm a2200000 4500 | ||
|---|---|---|---|
| 001 | 0139968 | ||
| 005 | 20161109111656.2 | ||
| 041 | 0 | |a slo | |
| 044 | |a SK | ||
| 245 | 1 | 0 | |a Vzťahy EÚ a Taiwanu |b bakalárska práca |c Aneta Drobná ; školiteľ: Marek Csabay |
| 264 | 1 | |a Bratislava |c 2011 | |
| 300 | |a 53 s. | ||
| 100 | 1 | |a Drobná, Aneta | |
| 700 | 1 | |a Csabay, Marek | |
| 710 | 2 | |a Fakulta medzinárodných vzťahov EU. Katedra medzinárodných ekonomických vzťahov a hospodárskej diplomacie | |